|
|
|
|
| LEADER |
00000nam a2900000 4500 |
| 001 |
000060005 |
| 005 |
20061219223200.0 |
| 008 |
011104s1977 a 000 spa d |
| 020 |
|
|
|a 0136803989
|
| 050 |
|
4 |
|a QK48 B5.9
|b 1977
|
| 090 |
|
|
|a QK48 B5.9
|b 1977
|
| 100 |
1 |
|
|a Bold, Harold Charles,
|d 1909-
|
| 245 |
1 |
4 |
|a The plant kingdom
|
| 250 |
|
|
|a 4th.
|
| 260 |
|
|
|a Englewood Cliffs, N. J. :
|b Prentice-Hall,
|c 1977
|
| 300 |
|
|
|a 310 p. :
|b il.
|
| 440 |
|
0 |
|a Prentice-Hall Foundations of Modern Biology Series
|
| 650 |
|
4 |
|a Botánica
|
| 700 |
2 |
|
|a La Clare, John W.
|
| 905 |
|
|
|a LIBROS
|
| 902 |
|
|
|a María Isolina Trujillo Maldonado
|
| 949 |
|
|
|a Biblioteca UAM Iztapalapa
|b Colección General
|c QK48 B5.9 1977
|